[Event "Gashimov Memorial 6th"]
[Site "Shamkir"]
[Date "2019.04.07"]
[Round "7"]
[White "Carlsen, Magnus"]
[Black "Giri, Anish"]
[Result "1-0"]
[WhiteElo "2845"]
[BlackElo "2797"]
[Annotator "Krasenkow,Michal"]
[PlyCount "76"]
[EventDate "2019.03.31"]
[EventType "tourn"]
[EventRounds "9"]
[EventCountry "AZE"]
[EventCategory "22"]
[SourceTitle "CBM 190"]
[Source "ChessBase"]
[SourceDate "2019.06.30"]
[SourceVersion "1"]
[SourceVersionDate "2019.06.30"]
[SourceQuality "1"]

{[%evp 0,76,80,-17,-10,-11,-19,-19,-12,-32,-39,-37,-25,-51,41,-8,4,10,2,-4,16,1,22,-16,-7,3,13,-7,64,49,51,60,47,43,38,40,30,-69,-66,-71,-79,-30,-24,-29,-29,-25,47,-11,56,17,234,36,111,18,155,167,167,157,148,148,153,136,136,136,140,136,183,151,223,234,216,221,299,306,306,335,337,328,334]} 1. c4 e5 2. Nc3 Nf6 3. Nf3 Nc6 4. g3 d5 5. cxd5 Nxd5 6. Bg2 Bc5 7. O-O O-O 8. d3 {A very popular line recently.} h6 {Black prevents Nf3-g5 and Bc1-g5. This move is new in GM practice. Alternatives:} (8... Nxc3) (8... Re8) (8... Be6) (8... Bb6) 9. Nxd5 (9. Bd2 Be6 10. Rc1 (10. Na4 Bb6 11. a3 f5 12. Qc2 Qd6 13. Rac1 Rad8 14. Nxb6 axb6 15. e3 f4 $132 {0-1 (24) Zupe,M (2260)-Fenil,S (2346) Skopje 2018}) 10... Bb6 (10... Nxc3 11. Bxc3 Bd6 12. d4 e4 13. d5 exf3 14. Bxf3 Ne5 15. dxe6 Nxf3+ 16. exf3 fxe6 17. Qb3 $16 {1-0 (65) Stanec,N (2512)-Sucher,J (2234) Aschach 2001}) 11. a3 Qd7 $11) 9... Qxd5 10. a3 a5 11. Bd2 Qe6 12. Rc1 Qe7 (12... Bb6 13. Bc3 {[%cal Yf3d2,Yd2c4]}) 13. Bc3 ({RR} 13. Qa4 Bd7 14. Qe4 Bd6 15. Bc3 Ra6 16. Qh4 Qe8 17. d4 e4 18. Ne5 f5 19. f4 Nxe5 20. dxe5 Bc5+ 21. Kh1 Be3 22. Rcd1 g5 23. Qh3 g4 24. Qh4 Bc5 25. Rxd7 Qxd7 26. Qh5 Qf7 27. Qxf7+ Kxf7 {Hua,Z (1856)-Chen,Z (2263) Daqing CHN 2025 0-1 (43)}) 13... Nd4 $146 (13... a4 $5 14. Nd2 (14. e3 Rd8) 14... Be6 {as} 15. Bxc6 bxc6 {is hardly dangerous for Black}) ({RR} 13... a4 14. Nd2 Rd8 15. Qc2 Bd6 16. e3 Bf5 17. Rfd1 Qe6 18. Nc4 Bh3 19. Bxh3 Qxh3 20. d4 exd4 21. exd4 Re8 22. d5 Ne7 23. Nxd6 cxd6 24. Rd4 b5 25. Qd3 Ng6 26. Qxb5 Ne5 27. Qe2 Qf5 28. Rf4 {Abdusattorov,N (2777)-Praggnanandhaa,R (2737) Kolkata IND 2024 1-0 (36)}) 14. e3 Nxf3+ 15. Qxf3 Bd6 16. Qh5 c6 17. f4 $1 $36 {[%mdl 512]} exf4 18. gxf4 Qxe3+ $2 {This acceptance of White's pawn sacrifice leads to a surprisingly fast defeat.} (18... Kh7 $14 {[%cal Yg7g6]}) 19. Kh1 Rd8 $2 (19... f6 $8 20. Be4 {[%cal Rh5g6,Rf1g1]} Qh3 21. Qg6 Bg4 $1 22. Qh7+ Kf7 23. Bg6+ Ke6 24. Rce1+ Kd7 25. Qxg7+ Kc8 {, and Black avoids disaster, although after} 26. Be4 {White keeps strong pressure.}) 20. Rce1 Qc5 (20... Qxd3 21. f5 {etc.}) 21. f5 {[%mdl 128]} Bf8 22. Be4 Rd5 {Of course, White doesn't accept this exchange sacrifice. Instead, he continues his attack.} 23. Rf3 $1 b5 24. Rg1 Ra7 25. Bf6 (25. Rfg3 {was already possible but a line like this is too hard to calculate:} Bxf5 26. Rxg7+ Bxg7 27. Rxg7+ Kf8 28. Qxh6 Ke8 29. Qh8+ Ke7 30. Qh4+ Kd6 (30... Ke8 31. Rg8+) 31. Qf6+ Be6 (31... Kc7 32. Bxf5 Rxf5 33. Rxf7+ $18) 32. b4 $1 Qe3 33. Bxd5 cxd5 34. Bd4 $18) 25... g6 26. Qh3 (26. Rxg6+ $5 fxg6 27. Qxg6+ Bg7 (27... Rg7 28. Bxg7 Bxg7 29. Rg3 $18) 28. Bc3 $18 {[%cal Rf5f6]}) 26... Rd6 27. Qh4 Rxf6 28. Qxf6 Be7 29. Qxc6 Qxc6 30. Bxc6 $18 {Black has avoided direct mate but this endgame is technically winning for White.} Kg7 31. fxg6 fxg6 32. d4 a4 33. d5 b4 34. Be8 Bg5 35. h4 Bxh4 36. Rxg6+ Kh7 37. Rc6 Bg4 38. Rf4 Rg7 (38... Rg7 39. Bg6+ $18) 1-0

[Event "Grenke Chess Classic 3rd"]
[Site "Baden-Baden"]
[Date "2015.02.03"]
[Round "2"]
[White "Carlsen, Magnus"]
[Black "Adams, Michael"]
[Result "1-0"]
[WhiteElo "2865"]
[BlackElo "2738"]
[Annotator "Sagar,Shah"]
[PlyCount "127"]
[EventDate "2015.02.02"]
[EventType "tourn"]
[EventRounds "7"]
[EventCountry "GER"]
[EventCategory "20"]
[SourceTitle "EXT 2016"]
[Source "ChessBase"]
[SourceDate "2015.10.08"]
[SourceVersion "1"]
[SourceVersionDate "2015.10.08"]
[SourceQuality "1"]

{Michael Adams was Magnus Carlsen's second for his World Championship Match 2014 against Vishy Anand. Carlsen said that he included Adams in his team to get a human feel to the preparations owing to the British player's excellent positional understanding. Hence, this game which was played three months after the World Championship match was extremely interesting.} 1. c4 e5 2. Nc3 Nf6 3. Nf3 Nc6 4. g3 Bb4 {This line with four knights in the English is strategically very complicated. Basically there are two ways for White to play. One is to continue normally with g2 and later allow Black to take on c3 or as Carlsen plays in this game, to jump with the  on d5.} 5. Nd5 {Marin recommends a similar knight jump to d5 in his book on the English but there instead of f3, White has played g2.} Bc5 {It was also possible to leave the bishop out on b4 and continue with 0-0 or e4 but this move c5 looks the most natural.} (5... e4 $5 6. Nh4 O-O 7. Bg2 (7. Nxb4 Nxb4 8. Bg2 d5 $1 $17) 7... Re8 8. O-O {With an interesting position. THe important point to note is that White usually refrains from taking on b4 because he considers his knight on d5 to be much stronger and important than the  on b4.}) 6. Bg2 d6 (6... e4 {would be highly inaccurate because of} 7. Ng5 $1 Nxd5 8. Nxe4 $1 Bxf2+ 9. Nxf2 $14 {And the central pawns determine White's advantage.}) 7. O-O O-O 8. d3 {We reach the main position of the opening. It could be said that Black has wasted a tempo in playing b4-c5. Which means that if he had directly played his bishop to c5 from f8 then it would have been the same position apart from the White knight being on c3 instead of d5. So the question to be asked is whether White has benefitted from playing his knight to d5. Adams doesn't think so and he exchanges it off.} Nxd5 (8... h6 {is the other way to go. This move prevents the pinning of the knight with g5.} 9. a3 a5 10. Nxf6+ Qxf6 11. Nd2 {With an interesting position as witnessed in the game Topalov-Epishin 1994. White tries to reroute his knight to the d5 square via d2-e4-c3-d5.}) 9. cxd5 Nd4 (9... Ne7 {can be met with} 10. d4 exd4 11. Nxd4 {At first glance this position looks clearly better for White as he has more space due to the pawn on d5. But things are not so clear as Black immediately looks for the exchange of one pair of minor pieces.} Nf5 12. Nb3 $1 {This is the right way to claim an advantage. White has more space and must definitely refrain from exchanges.} (12. Nxf5 Bxf5 $11 {is a very fine position for Black.}) 12... Bb6 13. e4 Ne7 14. Re1 $14) 10. Nxd4 exd4 {A very unusual structure with both the sides having doubled d-pawns has arisen. Who stands better? In general Black's dark squared bishop is his main piece that defends his position. If magically you could remove the c1 and the c5 bishop then White would be clearly better. The main reason for that is the c7 pawn would be very weak. In general to attack c7 for White would be much easier than e2 for Black. Carlsen's subsequent play thus revolves around posing maximum problems to the c5 bishop.} (10... Bxd4 {is plausible. A high quality game between Karpov-Anand, Frankfurt Rapid 1997 continued} 11. e3 Bb6 12. b4 Bd7 13. a4 a5 14. b5 f5 15. Bd2 Qf6 16. Rc1 Qg6 17. Rc4 {The game reached an interesting position and here ae8 would have maintained the balance but Anand went for} f4 $6 (17... Rae8 $1 $132) 18. exf4 $6 (18. Be4 $1 {would have given the advantage to Karpov.} Bf5 19. exf4 $14) 18... Qxd3 19. Qc1 exf4 20. Bxf4 $11 {With an interesting position.}) 11. Bd2 a5 {Stopping queenside expansion with b4.} 12. e4 $5 dxe3 (12... f5 $5 $132 {Keeping the pawn structure without taking fxe3 was also an option.}) 13. fxe3 (13. Bxe3 {Earlier I mentioned that it would be nice for White to get rid of the dark squared bishops. But things have changed now. White's pawn structure is no longer as compact as it used to be before the e3 break. In fact now it makes more sense to preserve the bishops and block the black one with d3-d4. As seen in the game, Black's dark squared bishop is left without much to do after it is blocked with d4.} Bxe3 14. fxe3 Bd7 $11) 13... Qg5 14. Rf4 $146 ({RR} 14. d4 Bb6 15. Rf4 Bd7 16. Qb3 Bf5 17. Raf1 Bg6 18. Qc4 Qe7 19. h4 h6 20. Kh2 Rae8 21. Qe2 Qd8 22. Bc3 f6 23. e4 Bh7 24. Qh5 Qe7 25. Bh3 Kh8 26. e5 dxe5 27. dxe5 fxe5 28. Rf7 Rxf7 {Jussupow,A (2485)-Petrosian,T (2615) Vrbas 1980 ½-½ (41)}) ({RR} 14. d4 Bb6 15. Rf4 Bd7 16. Qc2 a4 17. Raf1 Qe7 18. h4 Rae8 19. Kh2 f5 20. Bh3 g6 21. Qd3 Qg7 22. Bc3 Re7 23. e4 Ref7 24. e5 Re7 25. e6 Be8 26. g4 c6 27. gxf5 gxf5 28. Rg1 Bg6 {Kiselev,V (2505)-Garakov,M (2412) Lugansk 2007 1-0}) 14... Bd7 15. a4 Rae8 (15... Rfe8 $5 {Somehow it made more sense to keep the a8 rook where it is for the time being. White is angling for the b2-b4 break and then the rook on a8 could come in handy.}) 16. d4 Bb6 17. Qb3 {Putting the queen on an active square on c4 before going for the b4 break.} Qd8 (17... Re7 18. Qc4 Rfe8 19. b4 $14 {is similar to the game with one difference being, the queen is on g5 which is more active than the one on d8 as in the game. And this difference turns out to be disadvantageous for Black because his queenside pawns will be weak and fragile.}) 18. Qc4 Re7 19. b4 $1 {After this break White's advantage starts to assume very real proportions. The point to note here is how effectively each of White's piece is positioned and how passive black pieces have become. The bishop on b6 is biting on granite. The bishop on d7 doesn't know what to do. Queen is passive on d8 and even if White doubled the rooks on the e-file, the bishop on d2 does a great job of defending everything.} axb4 20. a5 Ba7 21. Qxb4 c5 {Finally Adams tries to break free from the bind. It is very instructive to see how Carlsen handles this position.} 22. dxc6 {This was forced as it makes no sense to open the path for the a7 bishop by spoiling the e3-d4 formation.} Bxc6 (22... bxc6 {This would have been wonderful if it was possible because now Black can blast open the position with c6-c5. But the problem is that the d6 pawn falls now.} 23. Qxd6 $16) 23. Qb3 {A very nice move putting pressure on the f7 point.} Bxg2 24. Kxg2 {Almost magically Black has been left with more weaknesses than White. White's advantage is made up of the following factors: 1. The b7 and d6 pawns are weak. The e3 and a5 pawns which can be source of counterplay for Black are securely defended by the d2 bishop. 2. The white rooks and queen have more weaknesses to focus upon in the black position than the Black major pieces. 3. And the biggest advantage for Black is his e3-d4 pawn structure which limits the a7 bishop. 4. One factor which is in Black's favour is the weakness of the White king. Black king is very safe on the g8 square. One has to understand that White's advantage is in no way substantial. It is the kind of nagging edge which humans find very irritating to defend against. For a machine, Black's position is completely tenable.} Qd7 (24... d5 {would be a positionally desirable move but tactically doesn't work due to} 25. Bb4 $18) (24... Rfe8 25. Qd5 $1 $14 (25. Raf1 {would be inaccurate because of} d5 $1 {And black is back into the game. His bishop can now be activated on the b8-h2 diagonal. Notice how Carlsen prevents this d6-d5 move for Black in the game.})) 25. Raf1 Rc8 26. Rf5 $1 {Preventing d5.} h6 27. R1f2 Bb8 28. Bb4 Qc6+ 29. R2f3 (29. Qd5 Qxd5+ 30. Rxd5 Rxe3 $11 {is not something that White would want.}) 29... Rcc7 30. Be1 Qe8 (30... Qc4 31. Qxc4 Rxc4 32. Rb5 $14) (30... g6 $1 {Pushing the rook away from the favourable fifth rank.} 31. Rf6 Qc4 $1 32. Qxc4 Rxc4 $11 {Black is more than alright here.}) 31. g4 Re4 (31... Qc8 $5 {was a better way to play} 32. Qd5 (32. Bf2 $2 g6 $1 33. R5f4 d5 $1 34. Qxd5 Rcd7 $17) 32... g6 33. R5f4 Rc2+ 34. Rf2 Rxf2+ 35. Bxf2 Kg7 $11) 32. h3 Rce7 33. Bf2 {Once again Black's counterplay comes to a standstill as the bishop comes just in time to defend the pawns.} R4e6 34. Rb5 Bc7 35. Rxb7 Qa8 $2 {The fatal mistake of the game. Now Carlsen has a winning position.} (35... Bxa5 36. Rb8 Bd8 37. Bh4 Rd7 38. Qd5 $14 {looks scary for Black but no real threat is apparent and he can defend this position.}) 36. Rb5 $1 Re8 37. Qd5 Qxd5 38. Rxd5 {White is a pawn up and maintains all his positional trumps. The rest is very easy for Magnus.} Rb8 39. Bg3 g6 (39... Rb2+ 40. Rf2 Rb3 41. Re2 Rbxe3 42. Rxe3 Rxe3 43. a6 Ra3 44. Bxd6 Bxd6 45. Rxd6 $18 {With two passed pawns, this should be a winning endgame.}) 40. h4 Ra8 41. Be1 Re4 42. g5 $5 {Playing aggressively. The pawn on g5 is very safe because the rook on d5 is very stable.} h5 43. Rb5 Ra7 44. Kf1 Re8 45. Ke2 Rea8 46. Rf6 Ra6 47. Bb4 Bxa5 48. Rxa5 Rxa5 49. Bxa5 Rxa5 50. Rxd6 {The rook endgame is easily won.} Kf8 51. Rf6 Ra3 52. Kf3 Ke7 53. Ke4 Ra5 54. Rf4 Rb5 55. d5 Rb3 56. Kd4 Ra3 57. e4 Rb3 58. Ke5 {Slowly and steadily Carlsen makes progress and there is no way to prevent it.} Rd3 59. Rf1 Rh3 60. Ra1 Rxh4 61. d6+ Kd7 62. Ra7+ Ke8 63. Ra8+ Kd7 64. Rf8 {The f7-pawn falls and the game is over. Where was black's exact mistake is a very logical question that can be asked. I think overall the structure was such that it was very difficult to create counterplay for Black. And Adams would have drawn that position against many great players in the world but against Carlsen! Well, that guy's technique is just from another planet!} 1-0